[Event "N�-LL 2005/06"]
[Site "?"]
[Date "2005.09.18"]
[Round "1"]
[White "Penz, Harald"]
[Black "Plachetka, Jan"]
[Result "1/2-1/2"]
[WhiteElo "2283"]
[BlackElo "2422"]
[Annotator "Bad V�slau/Kottingbrunn : Mauerbach"]
[PlyCount "31"]
[EventDate "2005.09.19"]
[SourceDate "2005.09.19"]

1. e4 c5 2. c3 d5 3. exd5 Qxd5 4. d4 Nc6 5. Nf3 Bg4 6. Be2 Nf6 7. h3 Bh5 8. c4
Qd6 9. d5 Bxf3 10. Bxf3 Nd4 11. O-O g6 12. Be3 Nf5 13. Re1 Bg7 14. Nc3 Nxe3 15.
Rxe3 O-O 16. Nb5 1/2-1/2

[Event "N�-LL 2005/06"]
[Site "?"]
[Date "2005.09.18"]
[Round "1"]
[White "Zojer, Stefan"]
[Black "Thoma, Wilhelm"]
[Result "0-1"]
[WhiteElo "1984"]
[BlackElo "2095"]
[Annotator "Bad V�slau/Kottingbrunn : Mauerbach"]
[PlyCount "56"]
[EventDate "2005.09.19"]
[SourceDate "2005.09.19"]

1. d4 d5 2. c4 e6 3. Nc3 f5 4. Nf3 c6 5. g3 Bd6 6. Bg2 Nf6 7. O-O O-O 8. Bf4
Bxf4 9. gxf4 Bd7 10. b4 Be8 11. Ne5 Nbd7 12. b5 Rc8 13. Rc1 Ne4 14. Nxe4 fxe4
15. Bh3 Rf6 16. Qb3 Rh6 17. Rc3 cxb5 18. cxd5 Rxc3 19. Qxc3 exd5 20. Rc1 Nxe5
21. dxe5 Bc6 22. f5 Rxh3 23. Qxh3 Qg5+ 24. Qg3 Qxc1+ 25. Kg2 h6 26. h4 Qc5 27.
e6 Qe7 28. Qb8+ Kh7 0-1

[Event "N�-LL 2005/06"]
[Site "?"]
[Date "2005.09.18"]
[Round "1"]
[White "Bechmann, Gerhard"]
[Black "Zojer, Thomas"]
[Result "1-0"]
[WhiteElo "2040"]
[BlackElo "2044"]
[Annotator "Bad V�slau/Kottingbrunn : Mauerbach"]
[PlyCount "55"]
[EventDate "2005.09.19"]
[SourceDate "2005.09.19"]

1. f4 d5 2. Nf3 Nf6 3. c3 Bf5 4. d3 e6 5. g3 c5 6. Bg2 Nc6 7. O-O Be7 8. Na3
O-O 9. Nc2 h5 10. h3 Bd6 11. Ng5 d4 12. e4 dxe3 13. Bxe3 Be7 14. Ne4 c4 15.
Nxf6+ Bxf6 16. d4 Rc8 17. Rf2 Bxc2 18. Rxc2 g6 19. Rd2 Qc7 20. d5 exd5 21. Rxd5
Rfd8 22. Qc2 Rxd5 23. Bxd5 Qd7 24. Qxg6+ Bg7 25. Qxh5 Re8 26. Bf2 Ne5 27. Rd1
Nc6 28. Bxc4 1-0

[Event "N�-LL 2005/06"]
[Site "?"]
[Date "2005.09.18"]
[Round "1"]
[White "Szvetizs, Rene"]
[Black "Tatzmann, Peter"]
[Result "1/2-1/2"]
[WhiteElo "2046"]
[BlackElo "2010"]
[Annotator "Bad V�slau/Kottingbrunn : Mauerbach"]
[PlyCount "63"]
[EventDate "2005.09.19"]
[SourceDate "2005.09.19"]

1. e4 d5 2. exd5 Qxd5 3. Nc3 Qa5 4. d4 Nf6 5. Nf3 c6 6. Be2 Bf5 7. O-O e6 8.
Ne5 Nbd7 9. Nc4 Qc7 10. g3 Nd5 11. Nxd5 cxd5 12. Bf4 Qc6 13. Ne3 Bh3 14. Re1
Bd6 15. Bf3 O-O 16. Bxd6 Qxd6 17. c4 Nf6 18. cxd5 Nxd5 19. Nxd5 exd5 20. Qb3
Be6 21. Re5 Rfd8 22. Rc1 b6 23. Rc3 f6 24. Re1 Bh3 25. Rce3 Rac8 26. Qb5 Kf8
27. Bh5 Bd7 28. Qd3 g6 29. Bd1 Re8 30. h4 Rxe3 31. Rxe3 Bf5 32. Qd2 1/2-1/2

[Event "N�-LL 2005/06"]
[Site "?"]
[Date "2005.09.18"]
[Round "1"]
[White "W�ber, Friedrich"]
[Black "Sulyok, Michael"]
[Result "1/2-1/2"]
[WhiteElo "2155"]
[BlackElo "2164"]
[Annotator "Baden - Krems"]
[PlyCount "23"]
[EventDate "2005.09.19"]
[SourceDate "2005.09.19"]

1. e4 g6 2. d4 Bg7 3. Nf3 d6 4. Bc4 Nc6 5. O-O Nf6 6. Qe2 Bg4 7. c3 e5 8. Bb5
Nd7 9. Bxc6 bxc6 10. Be3 O-O 11. h3 Bxf3 12. Qxf3 1/2-1/2

[Event "N�-LL 2005/06"]
[Site "?"]
[Date "2005.09.18"]
[Round "1"]
[White "Mayer, Martin"]
[Black "Geismann, Bernhard"]
[Result "0-1"]
[WhiteElo "1967"]
[BlackElo "2027"]
[Annotator "Baden - Krems"]
[PlyCount "70"]
[EventDate "2005.09.19"]
[SourceDate "2005.09.19"]

1. Nf3 Nc6 2. d4 d5 3. c4 Bg4 4. e3 e5 5. dxe5 dxc4 6. Nbd2 Nxe5 7. Qa4+ Bd7 8.
Qc2 Nxf3+ 9. Nxf3 b5 10. a4 c6 11. Be2 Nf6 12. O-O Qc7 13. Rd1 Be7 14. Bd2 Rc8
15. Bc3 O-O 16. axb5 cxb5 17. Ra6 Bc6 18. Ng5 g6 19. Bd4 Ra8 20. Rda1 Nd5 21.
f4 Nb4 22. Qc3 Nxa6 23. Rxa6 Bb7 24. Bh8 f6 25. Ne6 Qc8 26. Nxf8 Bxa6 27. Nxg6
hxg6 28. Bxf6 Qe6 29. Bh8 Bf8 30. h3 Rd8 31. Bg4 Qe7 32. Bf6 b4 33. Bxe7 bxc3
34. Be6+ Kg7 35. Bxd8 cxb2 0-1

[Event "N�-LL 2005/06"]
[Site "?"]
[Date "2005.09.18"]
[Round "1"]
[White "Herndlbauer, Martin"]
[Black "Winiwarter, Felix"]
[Result "0-1"]
[WhiteElo "2044"]
[BlackElo "2119"]
[Annotator "Baden - Krems"]
[PlyCount "74"]
[EventDate "2005.09.19"]
[SourceDate "2005.09.19"]

1. e4 c5 2. Nf3 Nc6 3. d4 cxd4 4. Nxd4 Nf6 5. Nc3 e5 6. Ndb5 d6 7. Bg5 a6 8.
Na3 b5 9. Nd5 Be7 10. Bxf6 Bxf6 11. c3 Rb8 12. Nc2 O-O 13. h4 a5 14. Nce3 b4
15. Bc4 bxc3 16. bxc3 Kh8 17. a4 h6 18. g3 Be7 19. Ra2 Be6 20. Rd2 Qc8 21. g4
g6 22. Bb5 Bd8 23. h5 Bg5 24. Ra2 Kg7 25. f3 Ne7 26. f4 Nxd5 27. Nxd5 Bxd5 28.
fxg5 Bxa2 29. gxh6+ Kh7 30. Qf3 Qd8 31. c4 Qg5 32. Kd1 Rbc8 33. Bd7 Rxc4 34.
hxg6+ fxg6 35. Qxf8 Qc1+ 36. Ke2 Rxe4+ 37. Kd3 Re3# 0-1

[Event "N�-LL 2005/06"]
[Site "?"]
[Date "2005.09.18"]
[Round "1"]
[White "Wukits, Rene"]
[Black "Lehner, Oliver"]
[Result "0-1"]
[WhiteElo "2329"]
[BlackElo "2415"]
[Annotator "St.P�lten : Ternitz/Gloggnitz"]
[PlyCount "62"]
[EventDate "2005.09.19"]
[SourceDate "2005.09.19"]

1. d4 Nf6 2. c4 g6 3. Nc3 Bg7 4. e4 d6 5. Be2 O-O 6. Nf3 e5 7. d5 Na6 8. O-O
Nc5 9. Qc2 a5 10. Bg5 h6 11. Be3 b6 12. Nd2 Bg4 13. f3 Bd7 14. b3 Nh5 15. g3 f5
16. exf5 gxf5 17. Bf2 Nf6 18. a3 Qe7 19. Rae1 Nh7 20. b4 axb4 21. axb4 Na6 22.
Qb3 Ng5 23. Kg2 Qf6 24. h4 e4 25. Nb5 exf3+ 26. Nxf3 Ne4 27. Nbd4 Nxf2 28. Kxf2
f4 29. Ne6 Bxe6 30. dxe6 c5 31. bxc5 Nxc5 0-1

[Event "N�-LL 2005/06"]
[Site "?"]
[Date "2005.09.18"]
[Round "1"]
[White "R�hrl, Karl"]
[Black "Degen , Gerhard"]
[Result "1-0"]
[WhiteElo "2223"]
[BlackElo "2117"]
[Annotator "St.P�lten : Ternitz/Gloggnitz"]
[PlyCount "61"]
[EventDate "2005.09.19"]
[SourceDate "2005.09.19"]

1. d4 d5 2. Nf3 Nf6 3. c4 c6 4. Nc3 a6 5. a4 g6 6. e3 Bg7 7. h3 O-O 8. Be2 Ne4
9. Qb3 dxc4 10. Bxc4 Nd6 11. a5 Nxc4 12. Qxc4 Nd7 13. O-O Nf6 14. e4 Be6 15.
Qb4 Qc7 16. Be3 Nh5 17. Rfd1 Nf4 18. Qc5 Rad8 19. d5 Bc8 20. d6 Nxh3+ 21. gxh3
exd6 22. Qg5 Qd7 23. Qg2 f5 24. e5 Qe6 25. Bg5 Rd7 26. exd6 Bf6 27. Bxf6 Qxf6
28. Qg3 Rfd8 29. Qf4 Rxd6 30. Re1 Be6 31. Ne4 1-0

[Event "N�-LL 2005/06"]
[Site "?"]
[Date "2005.09.18"]
[Round "1"]
[White "Weinwurm, Wolfgang"]
[Black "Engelhardt, Richard"]
[Result "1/2-1/2"]
[WhiteElo "2091"]
[BlackElo "2163"]
[Annotator "St.P�lten : Ternitz/Gloggnitz"]
[PlyCount "124"]
[EventDate "2005.09.19"]
[SourceDate "2005.09.19"]

1. e4 c5 2. Nf3 e6 3. d4 cxd4 4. Nxd4 Nc6 5. Nc3 Qc7 6. g3 a6 7. Bg2 Nf6 8. O-O
Nxd4 9. Qxd4 Bc5 10. Bf4 d6 11. Qd3 h6 12. Na4 e5 13. Bd2 Be6 14. Nxc5 Qxc5 15.
b3 O-O 16. Be3 Qc7 17. c4 Rfd8 18. Rfd1 Ng4 19. Bd2 b5 20. cxb5 Qc5 21. Qf3
axb5 22. h3 Nf6 23. Bxh6 d5 24. Be3 Qc2 25. Rdc1 dxe4 26. Rxc2 exf3 27. Bxf3 e4
28. Bg2 Bxb3 29. Rc5 Rd5 30. Bf1 Rxa2 31. Rxa2 Bxa2 32. Bxb5 Rd1+ 33. Kh2 Nd5
34. Rc8+ Kh7 35. Ba7 Ne7 36. Re8 Nf5 37. Bc6 Nd6 38. Rd8 Bb3 39. Bb8 e3 40.
fxe3 Rd2+ 41. Kg1 Rd1+ 42. Kf2 Nf5 43. Rxd1 Bxd1 44. Bd5 f6 45. g4 Ne7 46. Be4+
Kg8 47. Kg3 g5 48. Kf2 Kf7 49. Ke1 Bb3 50. Kd2 Bd5 51. Kd3 Ke6 52. Bg3 Bxe4+
53. Kxe4 Ng6 54. Kd4 Ne7 55. e4 Ng6 56. Ke3 Kf7 57. Kd3 Ke7 58. Kc4 Ke6 59. Kd4
Ne7 60. h4 Nc6+ 61. Kc5 gxh4 62. Bxh4 Ne5 1/2-1/2

[Event "N�-LL 2005/06"]
[Site "?"]
[Date "2005.09.18"]
[Round "1"]
[White "Pernerstorfer, Johannes"]
[Black "Braun, Karl Heinz"]
[Result "1-0"]
[WhiteElo "2073"]
[BlackElo "2103"]
[Annotator "St.P�lten : Ternitz/Gloggnitz"]
[PlyCount "53"]
[EventDate "2005.09.19"]
[SourceDate "2005.09.19"]

1. e4 c6 2. d4 d5 3. Nc3 dxe4 4. Nxe4 Nd7 5. Bd3 e5 6. Nf3 f5 7. Neg5 e4 8. Bc4
Nb6 9. Bf7+ Ke7 10. Bxg8 Rxg8 11. Nxe4 h6 12. Nc3 g6 13. Bf4 Kf7 14. O-O Kg7
15. Qd3 Be6 16. Qe3 Bc4 17. Bxh6+ Kh8 18. Rfe1 Bd6 19. Bg5 Qf8 20. Ne5 Qg7 21.
Nxc4 Nxc4 22. Qe6 Qh7 23. Bf6+ Rg7 24. Bxg7+ Kxg7 25. h3 b5 26. b3 Bb4 27. Qxc6
1-0

[Event "N�-LL 2005/06"]
[Site "?"]
[Date "2005.09.18"]
[Round "1"]
[White "Hangweyrer, Manfred"]
[Black "Volkmann, Friedrich"]
[Result "0-1"]
[WhiteElo "2327"]
[BlackElo "2416"]
[Annotator "Wr.Neustadt : Stockerau"]
[PlyCount "66"]
[EventDate "2005.09.19"]
[SourceDate "2005.09.19"]

1. e4 e5 2. Nf3 Nf6 3. d3 Nc6 4. c3 d5 5. Nbd2 a5 6. Be2 Bc5 7. O-O O-O 8. a4
Re8 9. h3 b6 10. Re1 Ba6 11. Nb3 Bf8 12. Qc2 h6 13. Bf1 Qd7 14. exd5 Nxd5 15.
d4 Bxf1 16. Kxf1 exd4 17. Rxe8 Rxe8 18. Nbxd4 Nxd4 19. Nxd4 Bc5 20. Nf3 Nf6 21.
Bd2 Ne4 22. Be1 Qd5 23. Rd1 Qc4+ 24. Rd3 Ng3+ 25. fxg3 Re3 26. Ne5 Rxe5 27. b3
Rf5+ 28. Ke2 Qe6+ 29. Kd2 g6 30. Qd1 Bf2 31. c4 Qe5 32. Rf3 Rxf3 33. gxf3 Qe3+
0-1

[Event "N�-LL 2005/06"]
[Site "?"]
[Date "2005.09.18"]
[Round "1"]
[White "Posch, Werner"]
[Black "Gr�tz, Harald"]
[Result "0-1"]
[WhiteElo "2206"]
[BlackElo "2296"]
[Annotator "Wr.Neustadt : Stockerau"]
[PlyCount "82"]
[EventDate "2005.09.19"]
[SourceDate "2005.09.19"]

1. e4 c5 2. Nc3 d6 3. g3 g6 4. Bg2 Bg7 5. d3 Nc6 6. Be3 e6 7. Qd2 Nge7 8. Bh6
Bxh6 9. Qxh6 Nd4 10. Rc1 Qa5 11. Nh3 Nb5 12. O-O Nxc3 13. Qd2 Nc6 14. Qxc3 Qxc3
15. bxc3 e5 16. f4 Bxh3 17. Bxh3 Ke7 18. Rf2 f6 19. Rcf1 Rhf8 20. Rb1 Rab8 21.
a4 b6 22. Kf1 c4 23. Ke2 Rb7 24. Ke3 cxd3 25. cxd3 Rc7 26. Rb5 Na5 27. Kd2 Rd8
28. Rd5 Nb3+ 29. Kc2 Nc5 30. fxe5 fxe5 31. c4 Nxa4 32. Kb3 Nc5+ 33. Kb4 Rb8 34.
Rf3 b5 35. cxb5 a6 36. d4 Rxb5+ 37. Ka3 Ra5+ 38. Kb2 Rb7+ 39. Kc1 exd4 40. e5
Nb3+ 41. Rxb3 Rc7+ 0-1

[Event "N�-LL 2005/06"]
[Site "?"]
[Date "2005.09.18"]
[Round "1"]
[White "Batyte, Daiva"]
[Black "Lucaci, Marius"]
[Result "1/2-1/2"]
[WhiteElo "2180"]
[BlackElo "2153"]
[Annotator "Wr.Neustadt : Stockerau"]
[PlyCount "54"]
[EventDate "2005.09.19"]
[SourceDate "2005.09.19"]

1. e4 e6 2. d4 d5 3. exd5 exd5 4. Bd3 Bd6 5. Nf3 Nf6 6. O-O O-O 7. Ne5 c5 8. c3
Nc6 9. Bf4 cxd4 10. cxd4 Qb6 11. Nd7 Bxd7 12. Bxd6 Rfe8 13. Bc5 Qxb2 14. Na3
Nb4 15. Rb1 Qxa3 16. Rxb4 Qxa2 17. Rxb7 a6 18. Bd6 Bb5 19. Bxb5 axb5 20. Be5
Qa6 21. Rc7 Rac8 22. Rxc8 Rxc8 23. Qf3 Ne4 24. Qg4 f6 25. f3 fxe5 26. fxe4 Rf8
27. Rxf8+ Kxf8 {Rest nicht lesbar} 1/2-1/2

[Event "N�-LL 2005/06"]
[Site "?"]
[Date "2005.09.18"]
[Round "1"]
[White "Wiedner, Robert"]
[Black "Schmid, Thomas"]
[Result "0-1"]
[WhiteElo "2172"]
[BlackElo "2085"]
[Annotator "Wr.Neustadt : Stockerau"]
[PlyCount "110"]
[EventDate "2005.09.19"]
[SourceDate "2005.09.19"]

1. e4 c5 2. Nf3 d6 3. Bb5+ Bd7 4. Bxd7+ Nxd7 5. c4 Ngf6 6. Nc3 Ne5 7. d3 e6 8.
O-O Be7 9. Ne1 O-O 10. Bg5 a6 11. f4 Nc6 12. Nf3 Rc8 13. Qd2 b6 14. Rae1 h6 15.
Bxf6 Bxf6 16. Ne2 b5 17. Ng3 Qa5 18. Qxa5 Nxa5 19. b3 Nc6 20. Re2 Nd4 21. Nxd4
Bxd4+ 22. Kh1 b4 23. f5 a5 24. Rd2 a4 25. Ne2 axb3 26. Nxd4 cxd4 27. axb3 Ra8
28. Kg1 Ra3 29. Rb2 Rfa8 30. fxe6 fxe6 31. Kf2 Rf8+ 32. Ke2 Rxf1 33. Kxf1 Ra1+
34. Ke2 Kf7 35. e5 dxe5 36. Kf3 Kf6 37. h3 h5 38. Rc2 Ke7 39. c5 Kd7 40. Rc4
Kc6 41. Rxb4 Kxc5 42. Rb8 Re1 43. b4+ Kc6 44. b5+ Kc7 45. Re8 Kd7 46. Rg8 Re3+
47. Kf2 Rxd3 48. Rxg7+ Kd6 49. b6 Rb3 50. b7 e4 51. g4 hxg4 52. hxg4 Rb2+ 53.
Kf1 d3 54. g5 e3 55. g6 e2+ 0-1

[Event "N�-LL 2005/06"]
[Site "?"]
[Date "2005.09.18"]
[Round "1"]
[White "Mahdy, Khaled"]
[Black "Rumpl, Erwin"]
[Result "1/2-1/2"]
[WhiteElo "2337"]
[BlackElo "2290"]
[Annotator "Amstetten : Waidhofen"]
[PlyCount "36"]
[EventDate "2005.09.19"]
[SourceDate "2005.09.19"]

1. e4 c5 2. Nf3 Nc6 3. Bb5 g6 4. O-O Bg7 5. Re1 e5 6. c3 Nge7 7. d4 cxd4 8.
cxd4 Nxd4 9. Nxd4 exd4 10. Bf4 O-O 11. Bd6 Qb6 12. e5 Qxb5 13. Bxe7 Re8 14. Bd6
b6 15. Qxd4 Bb7 16. Nc3 Qc6 17. f3 Rac8 18. Rad1 Qc4 1/2-1/2

[Event "N�-LL 2005/06"]
[Site "?"]
[Date "2005.09.18"]
[Round "1"]
[White "Wadsack, Wolfgang"]
[Black "Piza, Vlastimil"]
[Result "1-0"]
[WhiteElo "2219"]
[BlackElo "2277"]
[Annotator "Amstetten : Waidhofen"]
[PlyCount "83"]
[EventDate "2005.09.19"]
[SourceDate "2005.09.19"]

1. e4 c5 2. c3 d6 3. d4 Nf6 4. dxc5 Nc6 5. f3 d5 6. exd5 Qxd5 7. Qxd5 Nxd5 8.
Bc4 e6 9. Bxd5 exd5 10. Be3 Ne5 11. b4 a5 12. Bd4 Nd3+ 13. Kd2 Bf5 14. g4 Bg6
15. a3 h5 16. g5 f6 17. Nh3 Be7 18. Rg1 Bf5 19. f4 Nxc5 20. Bxc5 Bxc5 21. bxc5
Bxh3 22. gxf6 gxf6 23. Kd3 O-O-O 24. Nd2 Rh7 25. Kd4 Bf5 26. Rae1 Rc7 27. Re2
Kb8 28. a4 Ka8 29. Nb3 b6 30. Rb2 Re8 31. Rg3 Re4+ 32. Kxd5 Rxa4 33. Rg8+ Kb7
34. c6+ Ka6 35. Ra8+ Ra7 36. Rxa7+ Kxa7 37. Nd4 Bc8 38. c4 Ra1 39. Nb5+ Ka6 40.
Kd6 Rc1 41. Kc7 Bg4 42. Nd6 1-0

[Event "N�-LL 2005/06"]
[Site "?"]
[Date "2005.09.18"]
[Round "1"]
[White "Kropik, Martin"]
[Black "Bachmayer, Josef"]
[Result "0-1"]
[WhiteElo "2112"]
[BlackElo "2106"]
[Annotator "Amstetten : Waidhofen"]
[PlyCount "85"]
[EventDate "2005.09.19"]
[SourceDate "2005.09.19"]

1. Nf3 f5 2. e4 fxe4 3. Ng5 e6 4. Nxe4 Nf6 5. Nbc3 d5 6. Nxf6+ Qxf6 7. d4 g6 8.
Bd3 Bg7 9. Be3 O-O 10. Qd2 a6 11. Ne2 Nc6 12. f4 Ne7 13. c3 Nf5 14. g3 Bd7 15.
O-O-O b5 16. b4 a5 17. a3 axb4 18. axb4 c5 19. dxc5 Ra4 20. Bd4 Nxd4 21. cxd4
Rfa8 22. Bb1 Ra1 23. Nc3 R1a3 24. Kb2 Qd8 25. Bc2 Qb8 26. Bb3 Qb7 27. Rb1 Qa6
28. Rhe1 Kh8 29. Kc2 Ra7 30. Rb2 Qc8 31. Rbb1 Qa8 32. Rb2 Qf8 33. Reb1 Bc6 34.
Kd1 Qf5 35. Ra2 Qg4+ 36. Kc1 Qf3 37. Rba1 Bf6 38. Rxa3 Rxa3 39. Rxa3 Qh1+ 40.
Kb2 Kg7 41. Ra7+ Kh6 42. f5+ Bg5 43. Qe2 0-1

[Event "N�-LL 2005/06"]
[Site "?"]
[Date "2005.09.18"]
[Round "1"]
[White "Wadsack, Winfried"]
[Black "Wagner, Stefan"]
[Result "1-0"]
[WhiteElo "2119"]
[BlackElo "1915"]
[Annotator "Amstetten : Waidhofen"]
[PlyCount "60"]
[EventDate "2005.09.19"]
[SourceDate "2005.09.19"]

1. e4 c6 2. d4 d5 3. exd5 cxd5 4. c4 Nf6 5. Nc3 e6 6. Nf3 Nc6 7. c5 Be7 8. Bb5
O-O 9. Bxc6 bxc6 10. O-O Qc7 11. Bg5 Rb8 12. Rb1 Ba6 13. Re1 Rb7 14. Qd2 h6 15.
Bf4 Qc8 16. Ne5 Nd7 17. Nxd7 Qxd7 18. b4 Bc4 19. Rb2 Re8 20. a4 Bf6 21. Nd1 Ra8
22. Ne3 a5 23. Ng4 Bd8 24. Ne5 Qc8 25. Bxh6 gxh6 26. Qxh6 f6 27. Re3 Rg7 28.
Ng6 Qd7 29. Rf3 axb4 30. Qh8+ Kf7 1-0

[Event "N�-LL 2005/06"]
[Site "?"]
[Date "2005.09.18"]
[Round "1"]
[White "Heimberger, Reinhard"]
[Black "Szakolczai, Peter"]
[Result "0-1"]
[WhiteElo "2268"]
[BlackElo "2278"]
[Annotator "Ybbs : B�hlerwerk"]
[PlyCount "74"]
[EventDate "2005.09.19"]
[SourceDate "2005.09.19"]

1. c4 c5 2. Nc3 g6 3. g3 Bg7 4. Bg2 Nc6 5. Nf3 e6 6. e4 Nge7 7. O-O O-O 8. d3
d6 9. Be3 Nd4 10. Qd2 Nec6 11. Bh6 Ne5 12. Nxe5 dxe5 13. Bxg7 Kxg7 14. f4 Qd6
15. fxe5 Qxe5 16. Rf4 f6 17. Raf1 Bd7 18. h4 Rad8 19. Qf2 h6 20. Qe3 a6 21. Nd1
Be8 22. R4f2 Nc6 23. Rd2 Qd4 24. Qxd4 Rxd4 25. Nc3 Ne5 26. b3 Bc6 27. Rfd1 Rfd8
28. Kf2 Rxd3 29. Rxd3 Rxd3 30. Rxd3 Nxd3+ 31. Ke3 Ne5 32. Bh3 Kf7 33. Ne2 g5
34. Bf1 Ng4+ 35. Kd3 Nf2+ 36. Ke3 Nxe4 37. Bg2 f5 0-1

[Event "N�-LL 2005/06"]
[Site "?"]
[Date "2005.09.18"]
[Round "1"]
[White "Kreischer, Georg"]
[Black "Tober, Gerhard"]
[Result "0-1"]
[WhiteElo "2099"]
[BlackElo "2277"]
[Annotator "Ybbs : B�hlerwerk"]
[PlyCount "36"]
[EventDate "2005.09.19"]
[SourceDate "2005.09.19"]

1. e4 c5 2. Nf3 Nc6 3. d4 cxd4 4. Nxd4 e5 5. Nb3 Nf6 6. f3 d5 7. exd5 Nxd5 8.
Bd2 Bf5 9. Nc3 Nxc3 10. Bxc3 Qxd1+ 11. Kxd1 O-O-O+ 12. Kc1 Nb4 13. Bxb4 Bxb4
14. Be2 Rd7 15. Bd1 Rhd8 16. c3 Be7 17. h4 Bxh4 18. f4 Bg3 0-1

[Event "N�-LL 2005/06"]
[Site "?"]
[Date "2005.09.18"]
[Round "1"]
[White "Brandst�tter, Friedrich"]
[Black "Koller, Hubert"]
[Result "0-1"]
[WhiteElo "2108"]
[BlackElo "2078"]
[Annotator "Ybbs : B�hlerwerk"]
[PlyCount "154"]
[EventDate "2005.09.19"]
[SourceDate "2005.09.19"]

1. e4 c5 2. Nf3 Nc6 3. d4 cxd4 4. Nxd4 Nf6 5. Nc3 e5 6. Ndb5 d6 7. a4 a6 8. Na3
Be6 9. Bg5 Rc8 10. Bc4 Be7 11. Bxf6 Bxf6 12. O-O O-O 13. Nd5 Bg5 14. c3 Kh8 15.
Ba2 Ne7 16. Qd3 Bxd5 17. Bxd5 Nxd5 18. Qxd5 Qc7 19. Rfd1 Be7 20. Qd3 g6 21. Nc2
f5 22. Ne3 fxe4 23. Qxe4 Rf4 24. Qd3 Qc5 25. Qd5 Qc6 26. a5 Kg7 27. Rd2 h5 28.
g3 Rf6 29. h4 Bf8 30. Nc2 Rc7 31. Nb4 Qd7 32. Qe4 Rc5 33. Nd5 Rf7 34. b4 Rc6
35. c4 Qf5 36. Re2 Qxe4 37. Rxe4 Rf3 38. Ne3 Be7 39. Kg2 Rf7 40. Nd5 Bd8 41.
Ra2 Bc7 42. Rae2 Bb8 43. f4 Ba7 44. fxe5 dxe5 45. Rxe5 Rxc4 46. Re7 Rd4 47.
Rxf7+ Kxf7 48. Re7+ Kf8 49. Rxb7 Rd2+ 50. Kf3 Bg1 51. Nf4 Rd6 52. b5 axb5 53.
Rxb5 Kf7 54. Rd5 Ra6 55. Nd3 Rf6+ 56. Ke4 Re6+ 57. Re5 Rc6 58. Rb5 Re6+ 59. Kd5
Re3 60. Rb3 Kf6 61. a6 Rxg3 62. Ra3 Ba7 63. Kc6 Re3 64. Kb7 Re7+ 65. Ka8 Bd4
66. a7 Rxa7+ 67. Rxa7 Bxa7 68. Kxa7 Kf5 69. Kb7 Kg4 70. Ne5+ Kf5 71. Nf3 Kf4
72. Nh2 Kg3 73. Nf1+ Kxh4 74. Kc6 Kg4 75. Kd5 Kf3 76. Ke6 Kf2 77. Nh2 Kg2 0-1

[Event "N�-LL 2005/06"]
[Site "?"]
[Date "2005.09.18"]
[Round "1"]
[White "Posch, Roland"]
[Black "Strobel, Ferdinand"]
[Result "1/2-1/2"]
[WhiteElo "2066"]
[BlackElo "2004"]
[Annotator "Ybbs : B�hlerwerk"]
[PlyCount "34"]
[EventDate "2005.09.19"]
[SourceDate "2005.09.19"]

1. e4 e5 2. Nf3 f5 3. Nxe5 Qf6 4. d4 d6 5. Nc4 fxe4 6. Nc3 Qg6 7. Ne3 c6 8. Be2
Nf6 9. O-O Be7 10. f3 exf3 11. Bxf3 O-O 12. Ne2 d5 13. Nf4 Qe8 14. Ng4 Bd6 15.
Re1 Qf7 16. Ne5 Qc7 17. Nfd3 Bf5 1/2-1/2

[Event "N�-LL 2005/06"]
[Site "?"]
[Date "2005.09.18"]
[Round "1"]
[White "Gattermayer, Robert"]
[Black "Trkulja, Zoran"]
[Result "0-1"]
[WhiteElo "2067"]
[BlackElo "2226"]
[Annotator "Korneuburg : P�chlarn"]
[PlyCount "66"]
[EventDate "2005.09.19"]
[SourceDate "2005.09.19"]

1. e4 e6 2. Qe2 Be7 3. f4 d5 4. Nc3 Nf6 5. d3 c5 6. Nf3 Nc6 7. g3 Qb6 8. Bg2
Nd4 9. Nxd4 cxd4 10. Nd1 dxe4 11. dxe4 Bd7 12. c4 Bc6 13. Nf2 h5 14. O-O h4 15.
g4 h3 16. Bf3 Nd7 17. Nd3 Nc5 18. Rb1 O-O-O 19. Bd2 Nxd3 20. Qxd3 Bb4 21. Bxb4
Qxb4 22. a3 Qd6 23. e5 Qc7 24. b4 Rh4 25. Rfc1 g5 26. f5 Qxe5 27. Re1 Qf4 28.
Bxc6 bxc6 29. fxe6 fxe6 30. Kh1 Qxg4 31. Rb2 Qf5 32. Qe2 d3 33. Qe3 d2 0-1

[Event "N�-LL 2005/06"]
[Site "?"]
[Date "2005.09.18"]
[Round "1"]
[White "Stanivukovic, Drago"]
[Black "Steinm�ller, G�nther"]
[Result "0-1"]
[WhiteElo "2080"]
[BlackElo "2047"]
[Annotator "Korneuburg : P�chlarn"]
[PlyCount "114"]
[EventDate "2005.09.19"]
[SourceDate "2005.09.19"]

1. e4 e5 2. Nf3 Nc6 3. a3 Nf6 4. Nc3 Be7 5. Bb5 d6 6. h3 Bd7 7. d3 O-O 8. Be3
a6 9. Bc4 Be6 10. Bd5 Bxd5 11. exd5 Nb8 12. g4 Nbd7 13. g5 Ne8 14. Ne4 c6 15.
dxc6 bxc6 16. Ng3 d5 17. Nf5 Nd6 18. Nxd6 Bxd6 19. Rg1 Re8 20. Kf1 Nf8 21. h4
Qd7 22. Rg2 Rad8 23. Ng1 c5 24. h5 Re6 25. Qg4 Qb7 26. b3 Rde8 27. Nh3 d4 28.
Bd2 e4 29. Bf4 exd3 30. cxd3 Qxb3 31. Rg3 Qb2 32. Rd1 Qxa3 33. Bxd6 Rxd6 34.
Qf4 Rd7 35. Rf3 Qa2 36. Kg2 Qd5 37. Ra1 Qd6 38. Qf5 Qd5 39. Qxd5 Rxd5 40. Rxa6
Ne6 41. Rg3 Rf5 42. Rc6 Kf8 43. Rg4 h6 44. f4 Rd8 45. Kg3 Ke7 46. Kf3 Rdd5 47.
gxh6 gxh6 48. Nf2 Rxh5 49. Ne4 Rh3+ 50. Rg3 Rh4 51. Rxe6+ Kxe6 52. Rg8 f5 53.
Nd2 Rh3+ 54. Ke2 Re3+ 55. Kf2 Rxd3 56. Nc4 Rc3 57. Nb6 Kf7 0-1

[Event "N�-LL 2005/06"]
[Site "?"]
[Date "2005.09.18"]
[Round "1"]
[White "Gruszka, Herbert"]
[Black "Ebner, Johann"]
[Result "1/2-1/2"]
[WhiteElo "2041"]
[BlackElo "2030"]
[Annotator "Korneuburg : P�chlarn"]
[PlyCount "113"]
[EventDate "2005.09.19"]
[SourceDate "2005.09.19"]

1. e4 e6 2. d4 d5 3. Nc3 Nf6 4. Bg5 Bb4 5. e5 h6 6. Bh4 g5 7. exf6 gxh4 8. Qg4
Qxf6 9. Nf3 Nc6 10. Bb5 e5 11. dxe5 Bxg4 12. exf6 Bxf3 13. gxf3 d4 14. a3 Ba5
15. b4 dxc3 16. bxa5 O-O-O 17. a6 Nd4 18. axb7+ Kxb7 19. Bd3 Nxf3+ 20. Ke2 Nd2
21. Rab1+ Nxb1 22. Rxb1+ Kc6 23. Rb3 Rhe8+ 24. Kf3 Re6 25. Rxc3+ Kd6 26. Be4
Rxf6+ 27. Ke3 Re6 28. Kf4 c5 29. Rd3+ Kc7 30. Rc3 Rd4 31. f3 Kd6 32. Rb3 Ke7
33. Rb7+ Kf6 34. Rxa7 Rd2 35. h3 Rdd6 36. Rc7 Ra6 37. Rxc5 Rxa3 38. Rh5 Kg7 39.
Rxh4 Ra4 40. Rg4+ Rg6 41. Ke3 Rxg4 42. hxg4 Kf6 43. Bd5 Ke7 44. c4 f6 45. Kf4
Ra1 46. Kf5 Re1 47. Kg6 Re5 48. f4 Re1 49. Kxh6 Rf1 50. f5 Rf4 51. Kh5 Kd6 52.
Be6 Rf1 53. g5 fxg5 54. Kxg5 Ke5 55. Kg6 Rf4 56. Bd7 Rf2 57. Be6 1/2-1/2

[Event "N�-LL 2005/06"]
[Site "?"]
[Date "2005.09.18"]
[Round "1"]
[White "Hirsch, Andreas"]
[Black "Fasser, Walter"]
[Result "0-1"]
[WhiteElo "2003"]
[BlackElo "1998"]
[Annotator "Korneuburg : P�chlarn"]
[PlyCount "100"]
[EventDate "2005.09.19"]
[SourceDate "2005.09.19"]

1. e4 d5 2. exd5 Nf6 3. d4 Nxd5 4. c4 Nb6 5. Nc3 g6 6. Be3 Bg7 7. h3 O-O 8. Nf3
Nc6 9. Be2 e5 10. d5 Ne7 11. O-O Nf5 12. Bc5 Re8 13. Ne4 Nd6 14. Nxd6 cxd6 15.
Be3 Bf5 16. Rc1 Be4 17. Ng5 Bf5 18. Nf3 Be4 19. b4 Bxf3 20. Bxf3 e4 21. Be2 Qd7
22. Qd2 Rad8 23. Bd1 f5 24. Bb3 Be5 25. Rfd1 Rf8 26. Bf4 Qe7 27. c5 Bxf4 28.
Qxf4 Nc8 29. h4 Kg7 30. Rc3 a5 31. a3 axb4 32. axb4 Na7 33. Ba4 h6 34. Rdc1 Rf7
35. cxd6 Qxd6 36. Qxd6 Rxd6 37. Rc7 b5 38. Rxf7+ Kxf7 39. Rc7+ Kf6 40. Bb3 Ra6
41. d6 Nc6 42. Rf7+ Ke5 43. d7 Ra8 44. h5 gxh5 45. Rh7 Rd8 46. Bd1 Nxb4 47.
Bxh5 Nd5 48. Be8 b4 49. f4+ exf3 50. Rxh6 b3 0-1